000 00376 a2200169 4500
001 48138
020 _a978-85-418-2015-8
040 _cAnchieta - Aquarius
100 _aNúnez, Alonso
240 1 0 _aNa-na-ni-na-não
_lpor
245 1 0 _aNa-na-ni-na-não
300 _a33
362 0 _a2018
440 1 _aEdições SM
650 4 _aLiteratura infanto-juvenil
942 _cBK
999 _c48138
_d48138